| 000 | 00629nam a2200181Ia 4500 | ||
|---|---|---|---|
| 008 | 090201s9999 xx 000 0 und d | ||
| 010 | _aKPL-72595 | ||
| 040 | _bमराठी | ||
| 041 | _aमराठी | ||
| 082 |
_a52875 _b72595 |
||
| 100 | _aवि. स. खांडेकर | ||
| 245 |
_aरिकामा देव्हारा _cवि. स. खांडेकर |
||
| 250 | _a8 | ||
| 260 |
_c2001 _bदेशमुख आणि कंपनी पब्लिशर्स प्रा. लि. |
||
| 300 |
_a124 _bमध्यम |
||
| 600 | _aरिकामा देव्हारा | ||
| 942 | _cBOOK | ||
| 999 |
_c249309 _d249309 |
||